Perspective of Arabic and Islam studies in combating corruption and indiscipline in Nigeria (Record no. 3786)

MARC details
000 -LEADER
fixed length control field 00439nam a22001337a 4500
008 - FIXED-LENGTH DATA ELEMENTS--GENERAL INFORMATION
fixed length control field 250604b |||||||| |||| 00| 0 eng d
020 ## - INTERNATIONAL STANDARD BOOK NUMBER
ISBN 9789785548181
245 ## - TITLE STATEMENT
Title Perspective of Arabic and Islam studies in combating corruption and indiscipline in Nigeria
260 ## - PUBLICATION, DISTRIBUTION, ETC. (IMPRINT)
Place of publication Ilorin
Name of publisher Nigerian association of teachers of Arabic and Islam studies
Date of publication 2017
300 ## - COLLATION
Pagination 312p
650 ## - TRACINGS
Main Subject Islamic education
942 ## - ADDED ENTRY ELEMENTS (KOHA)
Item type Books
050 ## - LIBRARY OF CONGRESS CALL NUMBER
Classification number LC 903
Item number .P 47
Holdings
Source of classification or shelving scheme Not for loan Permanent location Current location Date acquired Accession No. Full call number Barcode. Koha item type
Library of Congress Classification   Samuel Ogbemudia Main Library, University of Abuja Samuel Ogbemudia Main Library, University of Abuja 06/04/2025 2019/54379-80 LC 903 .P 47 2025-2375 Books
Library of Congress Classification   Samuel Ogbemudia Main Library, University of Abuja Samuel Ogbemudia Main Library, University of Abuja 06/04/2025 2019/54379-80 LC 903 .P 47 2025-2376 Books
Library of Congress Classification   Samuel Ogbemudia Main Library, University of Abuja Samuel Ogbemudia Main Library, University of Abuja 06/04/2025 2019/54379-80 LC 903 .P 47 2025-2377 Books